000 00327nam a22001577a 4500
003 SGT
020 _a9788184734522
082 _a612.015
_bB11H
100 _aHarvey, Richard
245 _aBiochemistry
250 _a5th Ed.
260 _bWolters Kluwers
_c2011
300 _a520
650 _aBiochemistry
942 _2ddc
_cBK
999 _c32246
_d32246